| 000 | 01065nam a22002897a 4500 | ||
|---|---|---|---|
| 001 | BRCA_9370 | ||
| 003 | FranzMayer | ||
| 005 | 20230918123555.0 | ||
| 008 | 230830b |||||||| |||| 00| 0 eng d | ||
| 020 | _a9687074337 | ||
| 040 |
_aMFM _bespañol _cMFM |
||
| 050 | 0 |
_aNK1136.M6 _bH67 1992 |
|
| 100 | 1 |
_4Autor _aHopkins, Barbara _929377 |
|
| 240 |
_aOaxaca _hCrafts and Sightseeing _lInglés |
||
| 245 | 0 |
_aOaxaca _bCrafts and Sightseeing |
|
| 260 |
_aOaxaca, México _bMinutiae Mexicana _c1992 |
||
| 300 |
_a116 p _bIlustraciones _c21 cm |
||
| 500 | _aAnexo 1 | ||
| 505 | _aTexto en: inglésIncluye índice temáticoDirigido a: artesanos, artistas y personas con interés en el arte mexicano | ||
| 650 | 1 |
_2Artes decorativas _aArtes aplicativas _vManualidades _929378 |
|
| 651 | 2 |
_2Artes regionales _aMéxico _vOaxaca _929379 |
|
| 700 | 1 |
_4Dibujo _aBeltrán, Alberto _929380 |
|
| 700 | 1 |
_4Fot. _aMoreno Enríquez, María de los Angeles _929381 |
|
| 700 | 1 |
_4Fot. _aEstage Noel, Cayuqui _929382 |
|
| 700 | 1 |
_4Fot. _aV. Stenzel, Anne _929383 |
|
| 942 |
_2lcc _cB |
||
| 999 |
_c10992 _d10992 |
||